000 04264namaa22004331i 4500
003 EG-GICUC
005 20260418094140.0
008 260418s2025 ua a|||frm||| 000 0 eng d
040 _aEG-GICUC
_beng
_cEG-GICUC
_dEG-GICUC
_erda
041 0 _aeng
_beng
_bara
049 _aDeposit
082 0 4 _a660
092 _a660
_221
097 _aM.Sc
099 _aCai01.13.04.M.Sc.2025.Re.U
100 0 _aReem Mohamed Mohamed Amer El-Setawy,
_epreparation.
245 1 0 _aUse of some plant extracts as anticorrosive agents for aluminum in aqueous media /
_cby Reem Mohamed Mohamed Amer El-Setawy ; Supervisors Prof.Dr. Nabil Mahmoud Abd El-Monem, Prof. Dr. Hend El-Sayed Gadow.
246 1 5 _aاستخدام بعض المستخلصات النباتية كعوامل مثبطة لتآكل الألومنيوم في الأوساط المائية
264 0 _c2025.
300 _a300 pages :
_billustrations ;
_c30 cm. +
_eCD.
336 _atext
_2rda content
337 _aUnmediated
_2rdamedia
338 _avolume
_2rdacarrier
502 _aThesis (M.Sc)-Cairo University, 2025.
504 _aBibliography: pages 51-55.
520 3 _aThis study explores the corrosion inhibition efficiency of Swiss chard stem (SCS) and green pea peel (GPP) extracts as eco-friendly inhibitors on aluminum in 1 M HCl using weight loss (WL), potentiodynamic polarization, and electrochemical impedance spectroscopy techniques. Both inhibitors have a direct relation between the inhibition efficiency and the temperature. WL measurements revealed that at 250 ppm and 55°C, the inhibition efficiencies of SCS and GPP were 91.5% and 83.05%, respectively. Surface protection was validated by AFM and XPS analyses. Quantum chemical calculations identified the key inhibitory constituents, while molecular dynamics simulations revealed the adsorption behavior of SCS and GPP on aluminum. Extraction costs were evaluated and benchmarked against previously reported inhibitors.
520 3 _aتتناول الدراسة كفاءة تثبيط التآكل لمستخلصي سيقان السلق وقشور البازلاء الخضراء كمثبطات صديقة للبيئة لتآكل الألمنيوم في وسط يحتوي على 1 مولار من حمض الهيدروكلوريك، باستخدام تقنيات الفقد الوزني، الاستقطاب الجهدي الديناميكي، ومطيافية المعاوقة الكهروكيميائية. أظهرت النتائج أن كفاءة التثبيط لكلا المثبطين تزداد مع ارتفاع درجة الحرارة. وكشفت قياسات الفقد الوزني أنه عند تركيز 250 جزء في المليون ودرجة حرارة 55 مئوية، بلغت كفاءة التثبيط لمستخلص سيقان السلق 91.5% ولمستخلص قشور البازلاء 83.05%. تم التأكد من وجود طبقة واقية على سطح الألمنيوم باستخدام تحليل مجهر القوة الذرية ومطيافية الأشعة السينية الإلكتروضوئية. كما حددت الحسابات الكيميائية الكمية المركبات النشطة المسؤولة عن التثبيط، وأظهرت محاكاة الديناميكا الجزيئية سلوك امتزاز المستخلصين على سطح الألمنيوم. كما تم تقييم تكلفة الاستخلاص ومقارنتها بمثبطات أخرى طبقاً للدراسات السابقة.
530 _aIssues also as CD.
546 _aText in English and abstract in Arabic & English.
650 0 _aChemical Engineering
650 0 _aالهندسة الكيميائية
653 1 _aCorrosion Inhibition
_aSwiss Chard Stem
_agreen pea peel
_aAluminum Surface
_aInhibition Efficiency
_aتثبيط التآكل
_aسيقان السلق
700 0 _aNabil Mahmoud Abd El-Monem
_ethesis advisor.
700 0 _aHend El-Sayed Gadow
_ethesis advisor.
900 _b01-01-2025
_cNabil Mahmoud Abd El-Monem
_cHend El-Sayed Gadow
_dIbrahim Ahmed Ismail
_dEhssan Mohamed Nassif
_UCairo University
_FFaculty of Engineering
_DDepartment of Chemical Engineering
905 _aShimaa
942 _2ddc
_cTH
_e21
_n0
999 _c179547